00922 a2200217 4500003000500000005001700005010001600022020002600038020002400064040000900088082001400097100001900111245008400130260004100214300003300255440004700288505028800335650002100623650003900644700002100683NUST20221021155237.0 a 91027831 a0387976833 (New York) a3540976833 (Berlin) cNust00a006.3,ZHO1 aZhou, Yi-Tong.10aArtificial neural networks for computer vision /cYi-Tong Zhou, Rama Chellappa. aNew York :bSpringer-Verlag,cc1992. axi, 170 p. :bill. ;c24 cm. 0aResearch notes in neural computing ;vv. 5 aIntroduction (Page-1), Computational Neural Network (Page-6), Static Stereo (Page-15), Motion Stereo Lateral Motion (Page-44), Motion Stereo Longitudinal Motion (Page-63),Computation Of Optical Flow (Page-83), Image Restoration (Page-122), Conclusions And Future Research (Page-147). 0aComputer vision. 0aNeural networks (Computer science)1 aChellappa, Rama.